Successor countries of the Austro-Hungarian Empire - Statistics

General Stats
  • This quiz has been taken 1,297 times
  • The average score is 12 of 13
Answer Stats
Answer % Correct
Austria
100%
Hungary
99%
Serbia
97%
Slovakia
97%
Slovenia
97%
Croatia
96%
Czech Republic
96%
Bosnia & Herzegovina
95%
Romania
94%
Poland
93%
Italy
86%
Ukraine
85%
Montenegro
84%
No matching quizzes found
Score Distribution
Percent of People with Each Score
Percentile by Number Answered
Your Score History
You have not taken this quiz